| 000 | 00499nam a22001697a 4500 | ||
|---|---|---|---|
| 005 | 20251126175540.0 | ||
| 008 | 251119b |||||||| |||| 00| 0 eng d | ||
| 020 | _a978-93-91208-09-7 | ||
| 041 | _aeng | ||
| 082 | _a615.2 GAN-T | ||
| 100 |
_aGANDHI,NEHAL.C _98745 |
||
| 245 | _aA TEXTBOOK PHARMACEUTICAL INORGANIC CHEMISTRY : FOR 1ST YEAR B PHARMA [1 ST SEMESTER] | ||
| 260 |
_aNEW DELHI _bINNOVATION PUBLICATIONS PVT LTD _c2023 |
||
| 300 | _a140;P | ||
| 650 |
_aPHARMACY _xB PHARMA |
||
| 942 | _cBK | ||
| 999 |
_c8917 _d8915 |
||